A TEXTBOOK OF ENGINEERING CHEMISTRY (Record no. 5441)

MARC details
000 -LEADER
fixed length control field 00324nam a22001337a 4500
005 - DATE AND TIME OF LATEST TRANSACTION
control field 20170406130321.0
008 - FIXED-LENGTH DATA ELEMENTS--GENERAL INFORMATION
fixed length control field 170406b xxu||||| |||| 00| 0 eng d
041 ## - LANGUAGE CODE
Language code of text/sound track or separate title eng
100 ## - MAIN ENTRY--AUTHOR NAME
Personal name CHAWLA, SHASHI.
245 ## - TITLE STATEMENT
Title A TEXTBOOK OF ENGINEERING CHEMISTRY
260 ## - PUBLICATION, DISTRIBUTION, ETC. (IMPRINT)
Place of publication DELHI
Name of publisher DHANPAT RAI CO
300 ## - PHYSICAL DESCRIPTION
Number of Pages 11.24
942 ## - ADDED ENTRY ELEMENTS (KOHA)
Koha item type Books
Holdings
Lost status Damaged status Collection code Home library Current library Shelving location Date acquired Source of acquisition Cost, normal purchase price Accession Number Koha item type
    CS/IT JRU Library JRU Library SHELF-56-H 06/04/2017 PURCHESS 575.00 21723 Books
    MANAGEMENT JRU Library JRU Library SHELF-50-A 06/04/2017 PURCHESS 575.00 21724 Books